[Event "AUTO-INT-912"]
[Site "http://www.queenalice.com/game.php?id=407558"]
[Date "2008.5.24"]
[Round "1"]
[White "mauricio_sm"]
[Black "gladdies"]
[Result "0-1"]
[WhiteElo "1752"]
[BlackElo "1592"]

1. e4 d5 2. exd5 Qxd5 3. Nc3 Qd8 4. Nf3 Bg4 5. h3 Bxf3 6. Qxf3 c6 7. Bc4 e6 8.
O-O Nf6 9. d3 h6 10. Re1 Be7 11. Be3 O-O 12. Ne4 Nbd7 13. a3 Kh8 14. Bd4 Nxe4
15. dxe4 Bf6 16. Bxf6 Nxf6 17. e5 Nd5 18. Rad1 Qc7 19. Qe4 Rad8 20. Bd3 g6 21.
c4 Ne7 22. Bc2 c5 23. b4 cxb4 24. axb4 b6 25. Rd3 Rxd3 26. Bxd3 Rd8 27. Qf3 Nc6
28. Qf6+ Kg8 29. b5 Nxe5 30. Qxe5 Qxe5 31. Rxe5 Rxd3 32. Kf1 Rc3 33. Re4 Rc2 34.
Rd4 Kg7 35. Ke1 h5 36. g3 e5 37. Re4 Kf6 38. f4 exf4 39. Rxf4+ Kg7 40. Kd1 Rg2
41. g4 g5 42. Rd4 hxg4 43. hxg4 Kg6 44. Ke1 f6 45. Kf1 Rc2 46. Ke1 Ra2 47. Rd7
a5 48. bxa6 Rxa6 49. Rc7 Ra5 50. Rc6 Rc5 51. Rxc5 bxc5 52. Ke2 f5 53. gxf5+ Kxf5
54. Kf3 g4+ 55. Kg3 Kg5 56. Kf2 Kf4 57. Kg2 Ke4 58. Kg3 Kd4 59. Kxg4 Kxc4 60.
Kf3 Kd3 61. Kf2 Kd2 62. Kf1 c4 63. Kf2 c3 64. Kf1 c2 65. Kf2 c1=Q 66. Kf3 Qc4
67. Kf2 Qf4+ 68. Kg2 Ke2 69. Kh1 Qg4 70. Kh2 Kf2 71. Kh1 Qg2# 0-1

[Event "QA-ANNIV-04"]
[Site "http://www.queenalice.com/game.php?id=418344"]
[Date "2008.6.16"]
[Round "1"]
[White "RuiSilva"]
[Black "gladdies"]
[Result "0-1"]
[WhiteElo "1530"]
[BlackElo "1697"]

1. e4 d5 2. exd5 Qxd5 3. Nc3 Qd8 4. Nf3 Bg4 5. d4 Nf6 6. Bc4 Bxf3 7. Qxf3 c6 8.
d5 cxd5 9. Nxd5 Nc6 10. Nxf6+ exf6 11. O-O Be7 12. Bb5 Rc8 13. Bf4 O-O 14. Rad1
Qb6 15. Bxc6 Rxc6 16. Be3 Bc5 17. Bxc5 Rxc5 18. Qe3 Rxc2 19. Qxb6 axb6 20. Rb1
Rd8 21. h4 h6 22. a4 Rdd2 23. b4 Rb2 24. a5 Rxf2 25. h5 Rxg2+ 26. Kh1 Rh2+ 27.
Kg1 Rbg2# 0-1

[Event "AUTO-OPEN-1172"]
[Site "http://www.queenalice.com/game.php?id=422291"]
[Date "2008.6.24"]
[Round "1"]
[White "gladdies"]
[Black "Bobtzu"]
[Result "0-1"]
[WhiteElo "1706"]
[BlackElo "1955"]

1. e4 d5 2. exd5 Qxd5 3. Nf3 Bf5 4. Be2 Nf6 5. Nc3 Qa5 6. O-O c6 7. b3 e6 8. Bb2
Nbd7 9. d3 Bd6 10. h3 O-O 11. Nh4 Rad8 12. Nxf5 Qxf5 13. Qd2 Qe5 14. g3 Qa5 15.
Rad1 Bb4 16. Rfe1 Nd5 17. Qg5 Nxc3 18. Qxa5 Bxa5 19. Bxc3 Bxc3 20. Rf1 Nf6 21.
Bf3 Nd5 22. Bxd5 exd5 23. d4 Rfe8 24. Rd3 Ba5 25. Kg2 Re2 26. Rc1 Rde8 27. Kf3
Re1 28. Rcd1 Rxd1 29. Rxd1 Re1 30. Rxe1 Bxe1 31. Ke2 Bc3 32. Ke3 f5 33. g4 f4+
34. Kxf4 Bxd4 35. f3 Kf7 36. Kg3 Kf6 37. f4 c5 38. Kf3 b5 0-1

[Event "AUTO-OPEN-1172"]
[Site "http://www.queenalice.com/game.php?id=422292"]
[Date "2008.6.24"]
[Round "1"]
[White "Bobtzu"]
[Black "gladdies"]
[Result "0-1"]
[WhiteElo "1972"]
[BlackElo "1669"]

1. e4 d5 2. exd5 Qxd5 3. Nc3 Qd8 4. d4 Nf6 5. Bc4 Bg4 6. Nf3 Bxf3 7. Qxf3 c6 8.
Be3 e6 9. O-O-O Be7 10. Rhe1 O-O 11. g4 Nd5 12. Bb3 a5 13. a4 Nxc3 14. bxc3 Na6
15. Qh3 b5 16. f4 bxa4 17. Bxa4 Ba3+ 18. Kd2 c5 19. Ke2 cxd4 20. cxd4 Qc7 21.
Rd3 Bd6 22. f5 Nb4 23. Rd2 Na2 24. Bb3 Nc3+ 25. Kf1 a4 26. Rc1 axb3 27. cxb3 Bb4
28. Rdc2 Rac8 29. Bd2 exf5 30. Rxc3 Bxc3 31. Rxc3 Qb6 32. Rxc8 Rxc8 33. g5 Qxd4
0-1

[Event "AUTO-OPEN-1172"]
[Site "http://www.queenalice.com/game.php?id=422295"]
[Date "2008.6.24"]
[Round "1"]
[White "gladdies"]
[Black "chesscole"]
[Result "0-1"]
[WhiteElo "1698"]
[BlackElo "1500"]

1. e4 e5 2. Nf3 Nc6 3. Bc4 Nf6 4. d3 g6 5. O-O Bg7 6. c3 O-O 7. Re1 d6 8. h3 d5
9. exd5 Nxd5 10. Nbd2 Be6 11. Ne4 Nf4 12. Bxf4 exf4 13. Bxe6 fxe6 14. Nfg5 h6
15. Nxe6 Qd5 16. Nxf8 Rxf8 17. f3 g5 18. Nf2 b5 19. d4 Bh8 20. Ng4 h5 21. Nf2 a5
22. Ne4 Re8 23. Nf6+ Bxf6 24. Rxe8+ Kf7 25. Re4 g4 26. Rxf4 Ne7 27. hxg4 hxg4
28. fxg4 Qg5 0-1

[Event "AUTO-OPEN-1172"]
[Site "http://www.queenalice.com/game.php?id=422296"]
[Date "2008.6.24"]
[Round "1"]
[White "chesscole"]
[Black "gladdies"]
[Result "1-0"]
[WhiteElo "1524"]
[BlackElo "1674"]

1. d4 Nf6 2. Nf3 b6 3. e3 Bb7 4. Be2 d5 5. O-O e6 6. Nc3 Be7 7. b3 c5 8. Bb2
cxd4 9. exd4 O-O 10. Bd3 h6 11. Ne5 Nbd7 12. Nxd7 Qxd7 13. Qd2 Rac8 14. Bb5 Qd8
15. Rfe1 Bb4 16. a3 Ne4 17. Qe3 Bxc3 18. Bxc3 Nxc3 19. Bf1 Ne4 20. f3 Nf6 21.
Bd3 Qc7 22. Rac1 Rfe8 23. g4 e5 24. dxe5 Nd7 25. Bf5 Rcd8 26. f4 Qc5 27. Qxc5
Nxc5 28. b4 Ne6 29. Bxe6 1-0

[Event "AUTO-OPEN-1086"]
[Site "http://www.queenalice.com/game.php?id=434186"]
[Date "2008.7.16"]
[Round "2"]
[White "gladdies"]
[Black "Pedro666"]
[Result "0-1"]
[WhiteElo "1700"]
[BlackElo "2276"]

1. e4 Nf6 2. e5 Nd5 3. d4 d6 4. Nf3 Bg4 5. Be2 c6 6. O-O Bxf3 7. Bxf3 dxe5 8.
dxe5 e6 9. c4 Ne7 10. Qxd8+ Kxd8 11. Be3 Nd7 12. Bd4 Ng6 13. Re1 Bb4 14. Re3 c5
15. Bc3 Bxc3 16. Nxc3 Ngxe5 17. b3 Nxf3+ 18. Rxf3 Nf6 19. Rd1+ Ke7 20. Rfd3 Rhd8
21. Kf1 Rxd3 22. Rxd3 Rd8 23. Ke2 Rxd3 24. Kxd3 e5 25. h3 Ke6 26. g4 h6 27. f3
Ne8 28. a3 f5 29. Ke3 Nd6 30. Na4 b6 31. Nc3 g6 32. Nd5 h5 33. Nc7+ Kf6 34. Nd5+
Kg5 35. Kf2 hxg4 36. hxg4 fxg4 37. fxg4 Kxg4 38. Kg2 e4 39. Kf2 Nf5 40. Nf6+ Kf4
41. Nd5+ Ke5 42. Nc7 Kd4 43. Nb5+ Kd3 44. Nxa7 e3+ 45. Ke1 Nd4 0-1

[Event "AUTO-OPEN-1086"]
[Site "http://www.queenalice.com/game.php?id=434187"]
[Date "2008.7.16"]
[Round "2"]
[White "Pedro666"]
[Black "gladdies"]
[Result "0-1"]
[WhiteElo "2263"]
[BlackElo "1669"]

1. d4 Nf6 2. Nf3 b6 3. Bf4 Bb7 4. e3 d5 5. Bd3 h6 6. h3 e6 7. Nbd2 Bd6 8. Ne5
Nbd7 9. O-O O-O 10. Rc1 c5 11. Nxf7 Rxf7 12. Bxd6 c4 13. Bg6 Ne8 14. Bxf7+ Kxf7
15. Bg3 Ndf6 16. Be5 Rc8 17. c3 Nd6 18. Bxf6 Qxf6 19. Qf3 Rg8 20. Qxf6+ gxf6 21.
f3 Rg6 22. Rce1 e5 23. dxe5 fxe5 24. e4 Ke6 25. exd5+ Bxd5 26. f4 Rxg2+ 27. Kh1
Rxd2+ 28. Kg1 Rg2+ 29. Kh1 Rxb2+ 30. Kg1 Rg2+ 31. Kh1 Rxa2+ 32. Kg1 Rg2+ 33. Kh1
Rc2+ 34. Kg1 e4 35. Rc1 Rxc1 36. Rxc1 Nb5 37. Kf2 Kf5 38. Ke3 a5 0-1